000 00630nam a2200145 i 4500
001 bg
245 0 _aRola nawozów i wody w produkcji roślinnej na glebach piaskowych :
_bmateriały z I Krajowej Sesji Naukowej zorg. przez Polskie Towarzystwo Nauk Agrotechnicznych - Oddz. we Wrocławiu i Sekcję Podstaw Agrotechniki Komitetu Uprawy Roślin PAN we Wrocławiu, 19-20.VI.1986 r.
260 _aWarszawa,
_c1989.
490 1 _aZeszyty Problemowe Postępów Nauk Rolniczych
830 _aZeszyty Problemowe Postępów Nauk Rolniczych
040 _cBPK
041 _apol
942 _cKS
008 s pl f |000 0 pol
999 _c28810
_d28810
856 _uhttp://koha.tu.koszalin.pl/cgi-bin/koha/opac-detail.pl?biblionumber=28810
_yKatalog online BPK